| LEADER 00000nam 2200000uu 4500 |
| 001 1539 |
| 003 ULIBM |
| 008 240315s2561||||th 000 0 tha d |
| 020 ^a9786169262497
|
| 060 4 ^aWB320^bก728ว
|
| 100 0 ^aกุลภา ศรีสวัสดิ์
|
| 245 00 ^aเวชศาสตร์ฟื้นฟูในปัญหาที่พบบ่อย /^cบรรณาธิการ, กุลภา ศรีสวัสดิ์
|
| 250 ^aพิมพ์ครั้งที่ 1
|
| 260 ^aกรุงเทพฯ :^bพี.เอ.ลีฟวิ่ง,^c2561.
|
| 300 ^axviii, 360 หน้า :^bภาพประกอบ ;^c26 ซม.
|
| 650 4 ^aการฟื้นฟูสมรรถภาพ
|
| 653 ^aผลงานอาจารย์คณะแพทยศาสตร์ศิริราชพยาบาล
|
| 700 0 ^aกุลภา ศรีสวัสดิ์,^eบรรณาธิการ
|
| 710 2 ^aมหาวิทยาลัยมหิดล.^bคณะแพทยศาสตร์ศิริราชพยาบาล.^bสำนักพิมพ์ศิริราช
|
| 999 ^aรอมือละห์
|